Evangelii gaudium : (Record no. 305416)
[ view plain ]
| 000 -LEADER | |
|---|---|
| fixed length control field | 01031nam a2200313Ia 4500 |
| 008 - FIXED-LENGTH DATA ELEMENTS--GENERAL INFORMATION | |
| fixed length control field | 170203s9999 xx 000 0 und d |
| 020 ## - INTERNATIONAL STANDARD BOOK NUMBER | |
| International Standard Book Number | 9789715907705 |
| 050 ## - LIBRARY OF CONGRESS CALL NUMBER | |
| Classification number | 291.2 |
| 050 ## - LIBRARY OF CONGRESS CALL NUMBER | |
| Item number | .F818e 2013 |
| 100 ## - MAIN ENTRY--PERSONAL NAME | |
| Personal name | Catholic Church. Pope (2013- : Francis) |
| 245 ## - TITLE STATEMENT | |
| Title | Evangelii gaudium : |
| 245 ## - TITLE STATEMENT | |
| Remainder of title | Apostolic Exhoration of the Holy Father Francis to the bishops, Clergy, Consecrated Persons and the Lay Faithful on the Proclamation of the Gospel in Today's World / |
| 245 ## - TITLE STATEMENT | |
| Statement of responsibility, etc | Francis, Pope, 1936- |
| 260 ## - PUBLICATION, DISTRIBUTION, ETC. (IMPRINT) | |
| Place of publication, distribution, etc | Pasay City : |
| 260 ## - PUBLICATION, DISTRIBUTION, ETC. (IMPRINT) | |
| Name of publisher, distributor, etc | Paulines Publishing House |
| 260 ## - PUBLICATION, DISTRIBUTION, ETC. (IMPRINT) | |
| Date of publication, distribution, etc | 2014 |
| 300 ## - PHYSICAL DESCRIPTION | |
| Extent | 192 pages ; |
| 300 ## - PHYSICAL DESCRIPTION | |
| Dimensions | 20 cm. |
| 650 ## - SUBJECT ADDED ENTRY--TOPICAL TERM | |
| Topical term or geographic name as entry element | Catholic Church |
| 650 ## - SUBJECT ADDED ENTRY--TOPICAL TERM | |
| Topical term or geographic name as entry element | Church and social problems |
| 650 ## - SUBJECT ADDED ENTRY--TOPICAL TERM | |
| Topical term or geographic name as entry element | Income distribution -- Religious aspects |
| 650 ## - SUBJECT ADDED ENTRY--TOPICAL TERM | |
| Topical term or geographic name as entry element | Poverty -- Religious aspects |
| 650 ## - SUBJECT ADDED ENTRY--TOPICAL TERM | |
| Topical term or geographic name as entry element | Economics -- Religious aspects |
| 650 ## - SUBJECT ADDED ENTRY--TOPICAL TERM | |
| General subdivision | Catholic Church. |
| 650 ## - SUBJECT ADDED ENTRY--TOPICAL TERM | |
| General subdivision | Catholic Church. |
| 650 ## - SUBJECT ADDED ENTRY--TOPICAL TERM | |
| General subdivision | Catholic Church. |
| 650 ## - SUBJECT ADDED ENTRY--TOPICAL TERM | |
| General subdivision | Catholic Church. |
| 650 ## - SUBJECT ADDED ENTRY--TOPICAL TERM | |
| General subdivision | Doctrines. |
| Withdrawn status | Lost status | Damaged status | Home library | Current library | Shelving location | Date acquired | Total Checkouts | Full call number | Barcode | Date last seen | Price effective from | Koha item type |
|---|---|---|---|---|---|---|---|---|---|---|---|---|
| Stonyhurst Southville International School (Batangas) | Stonyhurst Southville International School (Batangas) | 02/03/2017 | 291.2 .F818e 2013 | US-2063 | 02/03/2017 | 02/03/2017 | Books |